Кн. 1; Жены русской короны

Dades bibliogràfiques
Parent link:Жены русской короны: в 2 кн./ Л. Н. Васильева. Кн. 1.— , 2008-.— 978-5-9697-0580-7
Sumari:Женские судьбы в истории России преисполнены горечи и страданий, а подчас и мистического трагизма. Жена, потерявшая мужа и готовая мстить за него жестоко и беспощадно, дабы защитить себя и ребенка своего; обезумевшая мать, рвущаяся на трон, принося в жертву четырехлетнего сына. Русские царицы, правившие огнем и мечом, и иностранки, поднявшие культуру России на небывалые высоты. Ведьмы и святые — по сути, ход истории определен их рукой.Автор мировых бестселлеров «Кремлевские жены» и «Дети Кремля», Лариса Васильева открывает многие тайны и делает женщину видимой в историческом процессе.
Idioma:rus
Publicat: 2008
Matèries:
Format: MixedMaterials Llibre
KOHA link:https://koha.lib.tpu.ru/cgi-bin/koha/opac-detail.pl?biblionumber=154062

MARC

LEADER 00000nam2a2200000 4500
001 154062
005 20240619141422.0
010 |a 9785969705814  |b (в пер.)  |b 3000 экз. 
021 |a RU  |b 08-82599  |9 08-4811 
035 |a (RuTPU)RU\TPU\book\167114 
090 |a 154062 
100 |a 20081119g2008 m y0rusy5002 ca 
101 0 |a rus 
102 |a RU 
105 |a a z 000ad 
200 0 |a Кн. 1 
210 |d 2008 
215 |a 430, [1] с.  |c ил. 
330 |a Женские судьбы в истории России преисполнены горечи и страданий, а подчас и мистического трагизма. Жена, потерявшая мужа и готовая мстить за него жестоко и беспощадно, дабы защитить себя и ребенка своего; обезумевшая мать, рвущаяся на трон, принося в жертву четырехлетнего сына. Русские царицы, правившие огнем и мечом, и иностранки, поднявшие культуру России на небывалые высоты. Ведьмы и святые — по сути, ход истории определен их рукой.Автор мировых бестселлеров «Кремлевские жены» и «Дети Кремля», Лариса Васильева открывает многие тайны и делает женщину видимой в историческом процессе. 
461 1 |0 (RuTPU)RU\TPU\book\175996  |y 978-5-9697-0580-7  |t Жены русской короны  |o в 2 кн.  |f Л. Н. Васильева  |v Кн. 1  |d 2008- 
600 0 |a Ольга  |c киевская княгиня  |f ?-969  |c жена князя Игоря  |2 stltpush  |3 (RuTPU)RU\TPU\pers\9912 
600 0 |a Рогнеда  |b Р. Р.  |c дочь князя полочан Рогволода  |c жена великого князя Руси Владимира Святославича  |f ?-1000  |g Рогнеда Рогволодовна  |c мать Ярослава Мудрого  |2 stltpush  |3 (RuTPU)RU\TPU\pers\23764 
600 0 |a Анастасия Романовна  |c русская царица из рода Захарьиных-Юрьевых, в последствии прозвавшихся Романовыми  |c первая жена царя Ивана Грозного  |f ?-1560  |2 stltpush  |3 (RuTPU)RU\TPU\pers\12043  |9 3132 
610 1 |a история 
610 1 |a Россия 
610 1 |a женщины 
610 1 |a царицы 
610 1 |a Киевская Русь 
610 1 |a Смутное время 
610 1 |a Московское государство 
801 1 |a RU  |b 63413507  |c 20090220  |g PSBO 
801 2 |a RU  |b 63413507  |c 20090826  |g PSBO 
942 |c BK 
959 |a 30/20090218  |d 1  |e 475,53  |f ХФ:1